00398nam a2200145Ia 4500008004100000020001800041041000800059082001700067100002800084245003900112250000600151260004400157300001200201650003900213210716s2007 xx 000 0 und d a9788177585919 aeng a005.131 BANJ aBanks, Jerry;... et al. aDiscrete- event system simulation. a4 aNew DelhibPrentice Hall of Indiac2007 axvi,528 aAutomata,Formal Languages(005.131)